[Event "Memorial M.Chigorin"]
[Site "masterchessopen.com St. Petersburg (Russia)"]
[Round "8"]
[White "Terekhov Andrey (RUS)"]
[Black "Zakharevich Igor (RUS)"]
[Result "0-1"]
[WhiteElo "2289"]
[BlackElo "2415"]

1.d4 Nf6 2.c4 g6 3.g3 Bg7 4.Bg2 O-O 5.Nc3 d6 6.Nf3 Nbd7 7.O-O e5 8.e4 c6 9.b3
Re8 10.h3 exd4 11.Nxd4 Nc5 12.Re1 Bd7 13.Rb1 Qc7 14.b4 Ne6 15.Nde2 h6 16.f4
Rad8 17.Be3 Bc8 18.Rc1 Nf8 19.Bf2 Be6 20.Qd3 Qb8 21.Rcd1 N8d7 22.Nd4 Ne5
23.fxe5 dxe5 24.Qf3 exd4 25.Bxd4 Nd7 26.Bxg7 Kxg7 27.c5 Ne5 28.Qf4 g5 29.Qe3
Nc4 30.Qf3 Qe5 31.Nd5 Nb2 32.Rb1 cxd5 33.exd5 Qd4+ 34.Qe3 Qxe3+ 35.Rxe3 Nc4
36.Rc3 Bxd5 37.Bxd5 Nd2 38.Bxb7 Nxb1 39.Rc1 Na3 40.c6 Nb5 41.c7 Nxc7 42.Rxc7
Re2 {#R} 0-1

[Event "Memorial M.Chigorin"]
[Site "masterchessopen.com St. Petersburg (Russia)"]
[Round "7"]
[White "Tregubov Pavel V (RUS)"]
[Black "Shinkevich Vitaly (RUS)"]
[Result "1-0"]
[WhiteElo "2545"]
[BlackElo "2480"]

1.Nf3 Nf6 2.c4 d6 3.g3 g6 4.d4 Bg7 5.Bg2 O-O 6.O-O Nbd7 7.Nc3 e5 8.e4 c6 9.b3
exd4 10.Nxd4 Re8 11.h3 Nc5 12.Re1 a5 13.Rb1 d5 14.cxd5 cxd5 15.exd5 Rxe1+
16.Qxe1 Nd3 17.Qe3 Nxc1 18.Rxc1 Bd7 19.Nf3 Qf8 20.Ne5 Be8 21.Rd1 Qd6 22.Nc4
Qb4 23.d6 Rc8 24.Nd5 Nxd5 25.Bxd5 Bc6 26.Bxc6 bxc6 27.d7 Rd8 28.Qe8+ Qf8
29.Qxf8+ {#r} 1-0

[Event "It \"]
[Site "masterchessopen.com USA"]
[Round "-5"]
[White "Byrne Robert E (USA)"]
[Black "Rohwer Paul (USA)"]
[Result "1-0"]
[WhiteElo "2460"]
[BlackElo "2225"]

1.d4 Nf6 2.c4 d6 3.Nf3 Nbd7 4.g3 g6 5.Bg2 Bg7 6.Nc3 O-O 7.O-O e5 8.e4 c6 9.Rb1
a5 10.Be3 exd4 11.Nxd4 Nc5 12.h3 Re8 13.Qc2 Qc7 14.b3 Ne6 15.Nde2 Nf8 16.Rbd1
N8d7 17.Na4 Bf8 18.Bd4 Qd8 19.Rfe1 Qe7 20.Nf4 Ne5 21.Ne2 Ned7 22.f4 Nxe4
23.Nec3 f5 24.Nxe4 fxe4 25.Rxe4 Qf7 26.Rxe8 Qxe8 27.Qd2 Nc5 28.Nb6 Rb8 29.Re1
Qf7 30.Qxa5 Bf5 31.g4 Be6 32.Qd2 Nd7 33.f5 {#r} 1-0

[Event "Oberliga Baden 1993/94"]
[Site "masterchessopen.com Germany"]
[Date "1994.03.20"]
[Round "8"]
[White "Kratochwil Christian (GER)"]
[Black "Khairallah Faisal (LIB)"]
[Result "1-0"]
[WhiteElo "2315"]
[BlackElo "2283"]

1.Nf3 Nf6 2.c4 g6 3.g3 Bg7 4.Bg2 O-O 5.O-O d6 6.d4 Nbd7 7.Nc3 e5 8.e4 c6 9.Rb1
Re8 10.d5 Nc5 11.Ne1 a5 12.Nd3 Nfd7 13.b3 Nxd3 14.Qxd3 Nc5 15.Qe2 f5 16.dxc6
bxc6 17.exf5 e4 18.Bb2 gxf5 19.Nd1 Ne6 20.Bxg7 Nxg7 21.Nc3 d5 22.cxd5 Ba6
23.Qb2 Bxf1 24.Bxf1 cxd5 25.Nxd5 Kh8 26.Nf4 Qe7 27.Re1 Rad8 28.Bc4 Qe5 29.Qc1
Qd4 30.Ng6+ {#r} 1-0

[Event "It"]
[Site "masterchessopen.com Aarhus (Denmark)"]
[Round "2"]
[White "Jacobsen Bo (DEN)"]
[Black "Henrichsen Jens (DEN)"]
[Result "1-0"]
[WhiteElo "2260"]
[BlackElo "2100"]

1.c4 Nf6 2.g3 g6 3.Bg2 Bg7 4.Nc3 O-O 5.d4 d6 6.Nf3 Nbd7 7.O-O e5 8.e4 c6 9.Rb1
a5 10.h3 exd4 11.Nxd4 Re8 12.Re1 Nc5 13.Bf4 Ne6 14.Be3 Nxd4 15.Bxd4 Be6 16.b3
Qc7 17.Qf3 Nd7 18.Bxg7 Kxg7 19.Rbd1 Nb6 20.Qf4 Rad8 21.c5 Nc8 22.Re3 Qe7
23.cxd6 Rxd6 24.Qe5+ f6 25.Qxa5 Rxd1+ 26.Nxd1 Qd7 27.Re1 Bxh3 28.Bxh3 Qxh3
29.e5 fxe5 30.Rxe5 b6 31.Qc3 Rxe5 32.Qxe5+ Kf8 33.Qf6+ Ke8 34.Qxc6+ Ke7 35.Ne3
Qe6 36.Qc7+ Kf6 37.Qxh7 Nd6 38.Qh8+ Kf7 39.Qd4 Ne4 40.Nc4 {#r} 1-0

[Event "n) (b"]
[Site "masterchessopen.com Andorra"]
[Round "8"]
[White "Marin Mihail (ROM)"]
[Black "Groszpeter Attila (HUN)"]
[Result "1-0"]
[WhiteElo "2520"]
[BlackElo "2555"]

1.c4 g6 2.Nf3 Bg7 3.d4 Nf6 4.g3 O-O 5.Bg2 d6 6.O-O Nbd7 7.Nc3 e5 8.e4 c6 9.b3
Re8 10.h3 exd4 11.Nxd4 Nc5 12.Re1 a5 13.Rb1 h6 14.Kh2 Nh7 15.Rb2 f5 16.Rbe2
Qf6 17.exf5 Rxe2 18.Ncxe2 Bxf5 19.Nxf5 Qxf5 20.Nf4 Be5 21.Be3 Nf8 22.Nd5 Kh7
23.f4 Bg7 24.g4 Qd3 25.Nb6 Re8 26.Bxc5 Qxd1 27.Rxd1 dxc5 28.Nd7 Bd4 29.Rxd4
cxd4 30.Nf6+ Kh8 31.Nxe8 d3 32.Kg3 Ne6 33.Bf3 d2 34.Bd1 Nc5 35.Kf3 Nd3 36.Ke3
Nc1 37.a3 a4 38.bxa4 {#r} 1-0

[Event "Zt"]
[Site "masterchessopen.com Ankara (Turkey)"]
[Round "0"]
[White "Janjgava Lasha (GEO)"]
[Black "Gurcan Selim (TUR)"]
[Result "1-0"]
[WhiteElo "2495"]
[BlackElo "2305"]

1.d4 Nf6 2.Nf3 g6 3.c4 Bg7 4.g3 O-O 5.Bg2 d6 6.Nc3 Nbd7 7.O-O e5 8.e4 c6 9.b3
exd4 10.Nxd4 Nc5 11.h3 Re8 12.Re1 a5 13.Rb1 Bd7 14.Bf4 Qc7 15.Qc2 Nh5 16.Be3
Be5 17.Rbd1 Rf8 18.Qd2 Ne6 19.Nde2 f5 20.exf5 gxf5 21.f4 Bxc3 22.Qxc3 Rad8
23.Qd2 Bc8 24.Bf2 Nf6 25.Nc3 Nc5 26.Kh2 Kf7 27.Qd4 Ne6 28.Qb6 c5 29.Na4 Qb8
30.Qxa5 Bd7 31.Nc3 Bc6 32.Nd5 Rd7 33.Nxf6 Kxf6 34.Qc3+ Kf7 35.Bxc6 bxc6 36.Qf3
Qb7 {#r} 1-0

[Event "It (open) (b)"]
[Site "masterchessopen.com Bled (Slovenia)"]
[Round "3"]
[White "Muhtarov Leonid (UKR)"]
[Black "Mikac Tomaz (SLO)"]
[Result "1-0"]
[WhiteElo "2144"]
[BlackElo "2195"]

1.c4 d6 2.g3 e5 3.Bg2 Nf6 4.Nc3 g6 5.Nf3 Bg7 6.d4 Nbd7 7.O-O O-O 8.e4 c6 9.b3
Re8 10.h3 a6 11.Be3 b5 12.dxe5 dxe5 13.Nd2 Bb7 14.b4 Nf8 15.a4 Ne6 16.Qb1 Qe7
17.Rd1 Bf8 18.c5 a5 19.bxa5 Rxa5 20.Nb3 Raa8 21.axb5 Rxa1 22.Qxa1 Nd4 23.Nxd4
exd4 24.Bxd4 Nd7 25.e5 Nxe5 26.bxc6 Bxc6 27.Bxc6 {#r} 1-0

[Event "It \"]
[Site "masterchessopen.com Budapest (Hungary)"]
[Round "11"]
[White "Horvath Jozsef_ (HUN)"]
[Black "Hausrath Daniel (GER)"]
[Result "1-0"]
[WhiteElo "2510"]
[BlackElo "2370"]

1.d4 Nf6 2.c4 g6 3.Nf3 Bg7 4.g3 O-O 5.Bg2 d6 6.Nc3 Nbd7 7.O-O e5 8.e4 c6 9.Rb1
Re8 10.h3 a5 11.Re1 Qe7 12.Kh2 exd4 13.Nxd4 Nc5 14.Be3 Bd7 15.f4 Qf8 16.Bf2 h5
17.Nb3 Nxb3 18.axb3 Be6 19.Qc2 Bh6 20.Bd4 Qe7 21.f5 Bd7 22.Qf2 Bg7 23.Rbd1 Qd8
24.c5 dxc5 25.Bxf6 Bxf6 26.fxg6 fxg6 27.Rxd7 Qxd7 28.Qxf6 Re6 29.Qg5 Qe7
30.Qe3 Kg7 31.Na4 Re5 32.Rc1 h4 33.gxh4 Rf8 34.Nxc5 b6 35.Nd3 Rb5 36.Rxc6 Qd7
37.e5 Rxb3 38.Be4 Qe7 39.Rxg6+ {#r} 1-0

[Event "It (open) \"]
[Site "masterchessopen.com Buenos Aires (Argentina)"]
[Round "5"]
[White "Slipak Sergio (ARG)"]
[Black "Moreno Carnero Javier (ESP)"]
[Result "1-0"]
[WhiteElo "2520"]
[BlackElo "2345"]

1.d4 Nf6 2.Nf3 g6 3.c4 Bg7 4.g3 O-O 5.Bg2 d6 6.Nc3 Nbd7 7.O-O e5 8.e4 c6 9.b3
Re8 10.h3 a6 11.d5 c5 12.a4 h6 13.Ne1 Nh7 14.Qc2 f5 15.exf5 gxf5 16.Qxf5 e4
17.Bb2 Ng5 18.Qf4 Ne5 19.g4 Nef3+ 20.Kh1 Rf8 21.Qe3 Nxh3 22.Nxe4 Qh4 23.Nxf3
Rxf3 24.Bxf3 Bxb2 25.Kg2 Bd4 26.Rh1 Bxe3 27.Rxh3 Qxh3+ 28.Kxh3 Bd4 29.Re1 Bd7
30.Nxd6 Rf8 31.Kg2 Rf6 32.Nxb7 Rb6 33.d6 Rxb3 {#r} 1-0

[Event "Match (team)"]
[Site "masterchessopen.com Buenos Aires (Argentina)"]
[Round "2"]
[White "Sorokin Maxim (RUS)"]
[Black "Fiorito Fabian (ARG)"]
[Result "1-0"]
[WhiteElo "2550"]
[BlackElo "2450"]

1.c4 g6 2.d4 Bg7 3.Nf3 Nf6 4.Nc3 O-O 5.g3 d6 6.Bg2 Nbd7 7.O-O e5 8.e4 exd4
9.Nxd4 Re8 10.Re1 Nc5 11.h3 a5 12.Ndb5 Be6 13.e5 dxe5 14.Qxd8 Raxd8 15.Nxc7
Bxc4 16.Nxe8 Rxe8 17.b3 Ba6 18.Be3 Nd3 19.Red1 b5 20.Ne4 Nxe4 21.Bxe4 Nb4
22.a3 Na2 23.Rd6 {#r} 1-0

[Event "Memorial J.Capablanca (c)"]
[Site "masterchessopen.com Cuba"]
[Round "0"]
[White "Alonso Rene (CUB)"]
[Black "Reyes Najera Carlos A (GUA)"]
[Result "1-0"]
[WhiteElo "2410"]
[BlackElo "2265"]

1.d4 Nf6 2.c4 g6 3.g3 Bg7 4.Bg2 O-O 5.Nf3 d6 6.O-O Nbd7 7.Nc3 e5 8.e4 c6 9.b3
Re8 10.h3 exd4 11.Nxd4 Nc5 12.Re1 Nfd7 13.Be3 a5 14.Qc2 Qe7 15.Rad1 Ne5 16.f4
Ned7 17.Bf2 Nf8 18.Qd2 a4 19.b4 Nce6 20.Nd5 cxd5 21.exd5 Bxd4 22.Bxd4 Qc7
23.dxe6 Bxe6 24.Ba1 f6 25.Bxf6 Bxc4 26.Ba1 {#r} 1-0

[Event "Bayern Landesliga North"]
[Site "masterchessopen.com Germany"]
[Round "1"]
[White "Susanu Marius"]
[Black "Delitzsch Juergen (GER)"]
[Result "0-1"]
[WhiteElo "1990"]
[BlackElo "2278"]

1.d4 Nf6 2.g3 g6 3.Bg2 Bg7 4.Nf3 O-O 5.O-O d6 6.c4 Nbd7 7.Nc3 e5 8.e4 c6 9.Re1
a5 10.b3 exd4 11.Nxd4 Ng4 12.Qxg4 Bxd4 13.Bb2 Ne5 14.Qe2 Bg4 15.Qd2 Ba7 16.Ne2
f6 17.Nd4 Bc5 18.a3 Qb6 19.Rab1 Rad8 20.Bc3 Qa7 21.Nc2 a4 22.Ne3 Be6 23.Qc2
axb3 24.Qxb3 b5 25.Bxe5 fxe5 26.Bf1 Rf3 27.Rb2 Rdf8 28.Rc2 Qf7 29.Qb2 Bxe3
{#R} 0-1

[Event "Bayern Regionalliga Northwest 1994/95"]
[Site "masterchessopen.com Germany"]
[Round "0"]
[White "Link Klaus (GER)"]
[Black "Zschunke Werner"]
[Result "0-1"]
[WhiteElo "1908"]
[BlackElo "2045"]

1.Nf3 Nf6 2.g3 g6 3.Bg2 Bg7 4.O-O O-O 5.d4 d6 6.c4 Nbd7 7.Nc3 e5 8.e4 c6 9.d5
cxd5 10.cxd5 Ne8 11.Ne1 f5 12.f4 Nc5 13.fxe5 Bxe5 14.Bh6 Ng7 15.Qe2 b6 16.Qd2
Ba6 17.Rf2 Qe7 18.exf5 Rxf5 19.Ne4 Nxe4 20.Bxe4 Rxf2 21.Qxf2 Bxg3 22.Qxg3 Qxe4
23.Bxg7 Kxg7 24.Qxd6 Qd4+ 25.Kh1 Rf8 26.Qc7+ Kg8 27.Ng2 Qxd5 28.Qc3 Rf1+
29.Rxf1 Bxf1 30.Qc8+ Kf7 31.Qc7+ Kg8 32.Qc8+ Kg7 33.Qc7+ Qf7 34.Qe5+ Kh6
35.Qe3+ g5 36.Qh3+ Kg6 37.Qg4 Qd5 38.Kg1 Qxg2+ 39.Qxg2 Bxg2 40.Kxg2 Kf5 {#R}
0-1

[Event "Bundesliga (2nd) East 1994/95"]
[Site "masterchessopen.com Germany"]
[Round "0"]
[White "Bewersdorff Oliver (GER)"]
[Black "Alber Horst (GER)"]
[Result "1-0"]
[WhiteElo "2365"]
[BlackElo "2260"]

1.d4 Nf6 2.c4 g6 3.Nf3 Bg7 4.g3 O-O 5.Bg2 d6 6.Nc3 Nbd7 7.O-O e5 8.e4 c6 9.b3
exd4 10.Nxd4 Nc5 11.h3 a5 12.Re1 Re8 13.Rb1 Qb6 14.Be3 Nfd7 15.Re2 Qd8 16.Rd2
Qe7 17.Nde2 Bf8 18.Qc2 Nf6 19.f3 Na6 20.Bf2 d5 21.cxd5 cxd5 22.exd5 Bf5 23.Ne4
Nxe4 24.fxe4 Nb4 25.Qd1 Bxe4 26.d6 Qd7 27.Rc1 Bxg2 28.Kxg2 Nc6 29.Nf4 Bh6
30.Rc4 Re5 31.Qf3 Kf8 32.Bd4 Rf5 33.Bb2 Re8 34.Re4 Ne5 35.Qe3 Qc6 36.Nxg6+
hxg6 37.Qxh6+ Kg8 38.Re2 Qxd6 39.g4 Qd3 40.gxf5 Qf3+ {#r} 1-0

[Event "Oberliga Northeast 1995/96"]
[Site "masterchessopen.com Germany"]
[Round "0"]
[White "Mahn Franko (GER)"]
[Black "Kern Johannes (GER)"]
[Result "0-1"]
[WhiteElo "2172"]
[BlackElo "2280"]

1.d4 Nf6 2.Nf3 g6 3.c4 d6 4.Nc3 Nbd7 5.g3 Bg7 6.Bg2 O-O 7.e4 e5 8.O-O c6 9.b3
Re8 10.dxe5 dxe5 11.Qc2 Nc5 12.Bb2 Bg4 13.h3 Bxf3 14.Bxf3 Ne6 15.Ne2 Qc7
16.Bg2 Nh5 17.Rad1 Rad8 18.Bf3 Nf6 19.Bg2 Nh5 20.Bf3 Nf6 21.Bg2 a5 22.Bc3 Nd7
23.a3 Ndf8 24.Qb2 Nc5 25.Qc2 b6 26.f4 Nfe6 27.b4 axb4 28.axb4 Nb7 29.Qb2 c5
30.b5 Nd4 31.Ra1 Nd6 32.Ra4 exf4 33.e5 Bxe5 34.gxf4 Nxe2+ {#R} 0-1

[Event "It (open)"]
[Site "masterchessopen.com Graz (Austria)"]
[Round "1"]
[White "Lerner Konstantin Z (UKR)"]
[Black "Baumegger Siegfried (AUT)"]
[Result "1-0"]
[WhiteElo "2605"]
[BlackElo "2235"]

1.d4 Nf6 2.Nf3 g6 3.c4 Bg7 4.g3 O-O 5.Bg2 d6 6.Nc3 Nbd7 7.O-O e5 8.e4 c6 9.b3
Re8 10.h3 exd4 11.Nxd4 Nc5 12.Re1 a5 13.Bf4 a4 14.b4 Ne6 15.Nxe6 Bxe6 16.Bxd6
Bxc4 17.e5 Nd7 18.f4 Qb6+ 19.Kh2 f6 20.Re4 Bf7 21.Nxa4 Qa6 22.Nc5 Nxc5 23.bxc5
Bd5 24.Re2 Bxg2 25.Kxg2 fxe5 26.fxe5 Qc4 27.Rc1 Qe6 28.Qd2 Ra3 29.Rc3 Rea8
30.Rxa3 Rxa3 31.Kh2 h5 32.Qb2 Qc4 33.Rg2 Ra7 34.a3 Kh7 35.Qe2 Qe6 36.Qe3 Ra4
37.Rb2 Qd5 38.Re2 Bh6 39.Qf2 Rxa3 40.e6 Rf3 41.Qe1 {#r} 1-0

[Event "It (open)"]
[Site "masterchessopen.com Hamburg (Germany)"]
[Round "9"]
[White "Kunsztowicz Uwe (GER)"]
[Black "Siemers Joerg (GER)"]
[Result "1-0"]
[WhiteElo "2315"]
[BlackElo "2263"]

1.c4 g6 2.d4 Nf6 3.g3 Bg7 4.Bg2 O-O 5.Nc3 d6 6.Nf3 Nbd7 7.O-O e5 8.e4 c6 9.Rb1
Re8 10.d5 cxd5 11.cxd5 a6 12.Ne1 b5 13.Nd3 Rb8 14.Nb4 Bb7 15.Nc6 Bxc6 16.dxc6
Nc5 17.Nd5 Ne6 18.Be3 Rf8 19.Ba7 Rc8 20.Bb6 Qe8 21.Rc1 Nh5 22.a4 Kh8 23.axb5
axb5 24.c7 Bh6 25.Rc3 Nhg7 26.Nf6 Qe7 27.Ng4 Bg5 28.h4 h5 29.hxg5 hxg4 30.Qxg4
Qxg5 31.Qxg5 Nxg5 32.f4 N5e6 33.f5 Ng5 34.fxg6 f6 35.Rc6 Ne8 36.Rfc1 Rg8
37.Bf1 Nf3+ 38.Kf2 Ng5 39.Bxb5 Nxe4+ 40.Ke3 Nc5 41.Bxc5 dxc5 42.R6xc5 {#r} 1-0

[Event "Ch Hessen (MVT)"]
[Site "masterchessopen.com Hofheim (Germany)"]
[Round "6"]
[White "Hoehn Michael (GER)"]
[Black "Kettner Uwe (GER)"]
[Result "1-0"]
[WhiteElo "2107"]
[BlackElo "1993"]

1.Nf3 Nf6 2.d4 g6 3.g3 Bg7 4.Bg2 O-O 5.O-O d6 6.c4 Nbd7 7.Nc3 e5 8.e4 c6 9.b3
Re8 10.Bb2 Qc7 11.Re1 a5 12.Qd2 exd4 13.Nxd4 Nc5 14.Rad1 Bg4 15.f3 Bd7 16.Nde2
Bf8 17.Qd4 Be7 18.Nf4 Ne6 19.Nxe6 Bxe6 20.g4 h6 21.Ne2 Kh7 22.Nf4 Bd8 23.Ba3
c5 24.Qd2 Nd7 25.Bc1 g5 26.Nh5 Be7 27.h4 Ne5 28.hxg5 hxg5 29.Ng3 Ng6 30.Qc2
Bf6 31.e5 Bxe5 32.Rxe5 dxe5 33.Ne4 Kg7 34.Bxg5 f5 35.Nf6 fxg4 36.Nh5+ Kh7
37.fxg4 Rf8 38.Be4 Bf7 39.Rd7 Qxd7 40.Nf6+ Kg7 41.Nxd7 {#r} 1-0

[Event "It (open)"]
[Site "masterchessopen.com Isle of Lewis (Scotland)"]
[Round "0"]
[White "Orr Mark J L (IRL)"]
[Black "Howell James C (ENG)"]
[Result "0-1"]
[WhiteElo "2370"]
[BlackElo "2525"]

1.d4 Nf6 2.c4 g6 3.g3 Bg7 4.Bg2 O-O 5.Nf3 d6 6.O-O Nbd7 7.Nc3 e5 8.e4 c6 9.b3
exd4 10.Nxd4 Re8 11.h3 Nc5 12.Re1 a5 13.Bf4 a4 14.b4 Ne6 15.Nxe6 Bxe6 16.Bxd6
Bxc4 17.e5 Nd7 18.f4 f6 19.e6 Bxe6 20.Nxa4 f5 21.Rc1 Bxa2 22.Nc5 Nxc5 23.bxc5
Bb2 24.Re5 Rxe5 25.Bxe5 Bxc1 26.Qxc1 Qd3 27.Kh2 Bd5 {#R} 0-1

[Event "It (open)"]
[Site "masterchessopen.com Kassel (Germany)"]
[Round "7"]
[White "Krallmann Matthias (GER)"]
[Black "Reschke Stefan (GER)"]
[Result "0-1"]
[WhiteElo "2235"]
[BlackElo "2380"]

1.d4 Nf6 2.c4 g6 3.g3 Bg7 4.Bg2 O-O 5.Nc3 d6 6.Nf3 Nbd7 7.O-O e5 8.e4 c6 9.b3
Re8 10.h3 a6 11.Be3 Qa5 12.Qc2 b5 13.cxb5 axb5 14.dxe5 Nxe5 15.Nxe5 dxe5
16.Bc5 Be6 17.Rfd1 Nd7 18.Bd6 h5 19.h4 Bf6 20.Kh2 Rac8 21.Rac1 Bd8 22.b4 Qa6
23.a4 Bb6 24.Ra1 Qb7 25.Qd2 Bd4 26.Ra3 Nf6 27.Ne2 Ng4+ 28.Kg1 Bxf2+ 29.Kh1
bxa4 30.Rf1 Rcd8 31.Bf3 Bb6 {#R} 0-1

[Event "It"]
[Site "masterchessopen.com Kemerovo (Russia)"]
[Round "6"]
[White "Pigusov Evgeny (RUS)"]
[Black "Iskusnyh Sergei (RUS)"]
[Result "1-0"]
[WhiteElo "2580"]
[BlackElo "2430"]

1.Nf3 Nf6 2.c4 g6 3.g3 Bg7 4.d4 O-O 5.Bg2 d6 6.O-O Nbd7 7.Nc3 e5 8.e4 c6 9.b3
Re8 10.h3 a6 11.d5 cxd5 12.cxd5 b5 13.Ne1 Nb6 14.Nd3 Bd7 15.Re1 a5 16.a3 Qb8
17.Bd2 Rc8 18.Bf1 Ne8 19.Nb2 Nc7 20.Kg2 Qb7 21.a4 b4 22.Nb5 Ne8 23.f3 Bf8
24.Bd3 Be7 25.Qe2 f5 26.Be3 Nf6 27.Qf2 fxe4 28.fxe4 Nbxd5 29.exd5 Qxd5+ 30.Kh2
Qxb3 31.Rac1 Qe6 32.Qg2 e4 33.Nc7 Rxc7 34.Rxc7 d5 35.Bb5 Bd6 36.Bxd7 Nxd7
37.Rc2 Ne5 38.Bf4 {#r} 1-0

[Event "Izt (w)"]
[Site "masterchessopen.com Kishinev (Moldova)"]
[Round "5"]
[White "Matveeva Svetlana (RUS)"]
[Black "Bobrowska Monika (POL)"]
[Result "1-0"]
[WhiteElo "2440"]
[BlackElo "2438"]

1.d4 Nf6 2.c4 g6 3.g3 Bg7 4.Bg2 d6 5.Nf3 O-O 6.Nc3 Nbd7 7.O-O e5 8.e4 c6 9.Rb1
a5 10.h3 a4 11.Be3 Qa5 12.Qc2 b5 13.dxe5 dxe5 14.cxb5 cxb5 15.b4 axb3 16.Qxb3
Bb7 17.Nd2 Rfb8 18.Rfc1 Bc6 19.Qc2 Bf8 20.Nb3 Qa6 21.Nd5 Rc8 22.Qd3 Bxd5
23.exd5 Rc4 24.Rd1 Rd8 25.Nd2 Nc5 26.Qf1 Rc2 27.Qxb5 Qxb5 28.Rxb5 Na4 29.Bg5
Kg7 30.Ne4 Nxe4 31.Bxe4 Rcc8 32.Bxd8 Nc3 33.Bf6+ Kxf6 34.Rb6+ Kg7 35.Rc6 {#r}
1-0

[Event "Zt"]
[Site "masterchessopen.com Linares (Spain)"]
[Round "10"]
[White "Cacho Reigadas Sergio (ESP)"]
[Black "Apicella Manuel (FRA)"]
[Result "0-1"]
[WhiteElo "2400"]
[BlackElo "2555"]

1.d4 Nf6 2.c4 d6 3.Nf3 g6 4.g3 Bg7 5.Bg2 O-O 6.O-O Nbd7 7.Nc3 e5 8.e4 c6 9.b3
exd4 10.Nxd4 Re8 11.h3 Nc5 12.Re1 a5 13.Bf4 Qc7 14.Qc2 Nfd7 15.Rad1 Bxd4
16.Rxd4 Ne6 17.Qd2 Nxd4 18.Qxd4 Ne5 19.Bc1 Bxh3 20.f4 Bxg2 21.Kxg2 Ng4 22.Kf3
h5 23.Ba3 Rad8 24.Rd1 Qc8 25.Bxd6 Nh6 26.Rh1 Rxd6 27.Qxd6 Rd8 28.Qe5 Qg4+
29.Kf2 Rd3 {#R} 0-1

[Event "It (open)"]
[Site "masterchessopen.com Mar del Plata (Argentina)"]
[Round "0"]
[White "Piscicelli Daniel (ARG)"]
[Black "Bademian Jose (URU)"]
[Result "1-0"]
[WhiteElo "2325"]
[BlackElo "2170"]

1.d4 Nf6 2.Nf3 d6 3.c4 Nbd7 4.Nc3 e5 5.g3 g6 6.Bg2 Bg7 7.O-O O-O 8.e4 exd4
9.Nxd4 Re8 10.Re1 a5 11.Ndb5 Nc5 12.h3 Be6 13.e5 dxe5 14.Qxd8 Raxd8 15.Nxc7
Re7 16.Nxe6 Rxe6 17.Be3 b6 18.Rad1 Nd3 19.Re2 e4 20.Bg5 Rd4 21.b3 Kf8 22.Red2
h6 23.Be3 Rd7 24.Nxe4 Nxe4 25.Bxe4 Rxe4 26.Rxd3 Rxd3 27.Rxd3 Re6 28.Rd8+ Ke7
29.Rb8 Rd6 30.Bxb6 Rd2 31.Bxa5 Rxa2 32.Bb6 Rb2 33.Kg2 h5 34.Be3 {#r} 1-0

[Event "Ch Australia (telechess)"]
[Site "masterchessopen.com Melbourne (Australia)"]
[Round "10"]
[White "Truscott Anthony J (AUS)"]
[Black "Wastell Gary"]
[Result "1-0"]
[WhiteElo "2084"]
[BlackElo "2200"]

1.d4 Nf6 2.Nf3 d6 3.g3 g6 4.Bg2 Bg7 5.O-O O-O 6.c4 Nbd7 7.Nc3 e5 8.e4 c6 9.b3
Re8 10.dxe5 dxe5 11.Qc2 Qc7 12.Rd1 a5 13.Ba3 Bf8 14.Bxf8 Nxf8 15.c5 Bg4 16.h3
Bxf3 17.Bxf3 Ne6 18.Na4 Rad8 19.Kg2 Rd4 20.Rxd4 Nxd4 21.Qc3 h5 22.h4 Qd7
23.Nb6 Qe6 24.Nc4 a4 25.Rd1 axb3 26.axb3 Ra8 27.Nxe5 Nxf3 28.Nxf3 Nxe4 29.Qe3
Qg4 30.Rd4 Re8 31.Ng5 f5 32.b4 f4 33.Qb3+ Kg7 34.Qf7+ {#r} 1-0

[Event "It (cat.4)"]
[Site "masterchessopen.com Melbourne (Australia)"]
[Round "8"]
[White "Kagan Naum (AUS)"]
[Black "Dinh Duc Trong (VIE)"]
[Result "0-1"]
[WhiteElo "2395"]
[BlackElo "2240"]

1.d4 g6 2.g3 Bg7 3.Bg2 d6 4.Nf3 Nf6 5.c4 O-O 6.Nc3 Nbd7 7.O-O e5 8.e4 c6 9.b3
Qb6 10.Bb2 exd4 11.Nxd4 Nc5 12.Rb1 Re8 13.f3 a5 14.Kh1 Bd7 15.Nc2 Rad8 16.Qd2
d5 17.cxd5 cxd5 18.e5 d4 19.exf6 dxc3 20.Qxc3 Bf8 21.Rfe1 Bf5 22.Rxe8 Rxe8
23.Re1 Nd3 {#R} 0-1

[Event "Ch Moscow (open)"]
[Site "masterchessopen.com Moscow (Russia)"]
[Round "10"]
[White "Enderjukova Aelita (RUS)"]
[Black "Krasnov S (RUS)"]
[Result "1-0"]
[WhiteElo "2155"]
[BlackElo "2345"]

1.c4 g6 2.Nf3 Bg7 3.g3 d6 4.Bg2 e5 5.d4 Nd7 6.e4 Ngf6 7.Nc3 O-O 8.O-O c6 9.Re1
a6 10.h3 Re8 11.Be3 Qe7 12.Qd2 b5 13.dxe5 dxe5 14.cxb5 axb5 15.a3 Bb7 16.Qc2
Nf8 17.Nd2 Ne6 18.Nb3 Rec8 19.f4 Nh5 20.Qf2 b4 21.axb4 Qxb4 22.Rxa8 Rxa8
23.Nc5 exf4 24.gxf4 Nhxf4 25.Rf1 Nxc5 26.Qxf4 Qc4 27.Nd5 cxd5 28.Qxf7+ Kh8
29.Rc1 Bd4 30.Rxc4 Bxe3+ 31.Kf1 dxc4 32.e5 Bh6 33.Kg1 Rf8 34.Qxc4 Be3+ 35.Kh1
Ba6 36.Qc3 Bf4 37.e6+ {#r} 1-0

[Event "It (open)"]
[Site "masterchessopen.com Moscow (Russia)"]
[Round "2"]
[White "Guliev Sarhan (AZE)"]
[Black "Ageichenko Genadi A (RUS)"]
[Result "1-0"]
[WhiteElo "2495"]
[BlackElo "2335"]

1.d4 Nf6 2.c4 g6 3.g3 Bg7 4.Bg2 O-O 5.Nf3 d6 6.O-O Nbd7 7.Nc3 e5 8.e4 c6 9.Qc2
h6 10.Rd1 Qe7 11.d5 c5 12.h3 Nh7 13.Be3 Ng5 14.Nxg5 hxg5 15.Qd2 Nb6 16.b3 g4
17.hxg4 Bxg4 18.f3 Bd7 19.Kf2 f5 20.Bg5 Qf7 21.Rh1 f4 22.Rh4 Bf6 23.gxf4 exf4
24.Rah1 Qg7 25.Bxf6 Rxf6 26.e5 dxe5 27.Ne4 Rf5 28.Bh3 g5 29.Bxf5 gxh4 30.Bxd7
Nxd7 31.Rg1 Qg3+ 32.Nxg3 hxg3+ 33.Kg2 Kg7 34.Rh1 Nf6 35.Qc3 Re8 36.Re1 Nd7
37.Qa5 {#r} 1-0

[Event "It (open)"]
[Site "masterchessopen.com New York (USA)"]
[Round "0"]
[White "Gilruth Peter (USA)"]
[Black "Zlotnikov Mikhail (USA)"]
[Result "0-1"]
[WhiteElo "2191"]
[BlackElo "2375"]

1.c4 Nf6 2.Nc3 g6 3.g3 Bg7 4.Bg2 O-O 5.Nf3 d6 6.d4 Nbd7 7.O-O e5 8.e4 c6
9.dxe5 dxe5 10.b3 Re8 11.Bb2 Qe7 12.Qc2 h6 13.Rad1 Nh7 14.Rd2 Nhf8 15.Rfd1 Ne6
16.Ne2 a5 17.Bc3 Nec5 18.Nc1 Nf8 19.h3 Nh7 20.Rd6 Ng5 21.Nxg5 hxg5 22.Qd2 Bf8
23.Bxa5 Qxd6 24.Qxd6 Bxd6 25.Rxd6 Rxa5 26.b4 Ra4 27.bxc5 Rxc4 28.Nb3 Ra4
29.Bf1 Be6 30.Nc1 Rxe4 {#R} 0-1

[Event "It (open)"]
[Site "masterchessopen.com Novgorod (Russia)"]
[Round "0"]
[White "Tregubov Pavel V (RUS)"]
[Black "Galkin Alexander (RUS)"]
[Result "1-0"]
[WhiteElo "2490"]
[BlackElo "2430"]

1.d4 Nf6 2.Nf3 g6 3.c4 Bg7 4.g3 O-O 5.Bg2 d6 6.O-O Nbd7 7.Nc3 e5 8.e4 c6 9.b3
Re8 10.h3 a6 11.Be3 exd4 12.Nxd4 Nc5 13.Qc2 Qe7 14.Rfe1 Bd7 15.f3 Nh5 16.Kh2
f5 17.exf5 Nxg3 18.fxg6 Nh5 19.Bh6 Qh4 20.Rxe8+ Rxe8 21.gxh7+ Kh8 22.Bxg7+
Nxg7 23.Nce2 Re5 24.Qc3 Rh5 25.Qe1 Qf6 26.Rd1 Rxh7 27.Ng3 Rh4 28.Qe3 Qe5
29.Qxe5 dxe5 30.Nde2 a5 31.Nc3 Nge6 32.Nce4 Nxe4 33.Nxe4 Nd4 34.Kg3 Rh6 35.f4
Rg6+ 36.Kf2 Bf5 37.Bh1 b6 38.fxe5 c5 39.Nd6 Bxh3 40.Be4 Rg4 41.Rh1 {#r} 1-0

[Event "Ch Croatia (team) (2nd league)"]
[Site "masterchessopen.com Opatija (Croatia)"]
[Round "9"]
[White "Stanic Jadranka (CRO)"]
[Black "Eid Eva (LIB)"]
[Result "0-1"]
[WhiteElo "2055"]
[BlackElo "2330"]

1.Nf3 Nf6 2.g3 g6 3.Bg2 Bg7 4.d4 d6 5.c4 O-O 6.Nc3 Nbd7 7.O-O e5 8.e4 c6 9.Re1
Re8 10.d5 c5 11.a3 Nb6 12.Bf1 Bd7 13.h3 a6 14.Kh2 h6 15.Be3 Nh5 16.Rc1 Rc8
17.Nd2 Rf8 18.Be2 Nf6 19.b4 Ne8 20.Rb1 f5 21.f3 f4 22.Bf2 fxg3+ 23.Bxg3 Nxc4
24.Bxc4 b5 25.Bf1 cxb4 26.Na2 bxa3 27.Qb3 Nf6 28.Qxa3 Nh5 29.Bf2 Qg5 30.Qe3
Rc2 31.Nb4 Rxd2 32.Qxg5 hxg5 33.Kg1 Rxf3 34.Be2 Rxh3 35.Bf1 Nf4 36.Re3 g4
37.Bg3 Bh6 38.Rc3 Ne2+ 39.Bxe2 Rxe2 40.Nxa6 Bf4 {#R} 0-1